Giáo dục công dân 10 : Sách giáo viên

Giới thiệu những vấn đề chung về dạy học môn giáo dục công dân ở trung học phổ thông và hướng dẫn dạy học các bài cụ thể lớp 10.

Gardado en:
Detalles Bibliográficos
Autor Principal: Mai, Văn Bính
Formato: Libro
Idioma:Undetermined
Publicado: Hà Nội Giáo dục Việt Nam 2013
Những chủ đề:
Các nhãn: Engadir etiqueta
Sen Etiquetas, Sexa o primeiro en etiquetar este rexistro!
Thư viện lưu trữ: Trung tâm Học liệu Trường Đại học Cần Thơ
LEADER 00893nam a2200229Ia 4500
001 CTU_236675
008 210402s9999 xx 000 0 und d
020 |c 7700 
082 |a 370.1150712 
082 |b B312 
100 |a Mai, Văn Bính 
245 0 |a Giáo dục công dân 10 : 
245 0 |b Sách giáo viên 
245 0 |c Mai Văn Bính (Tổng chủ biên) 
260 |a Hà Nội 
260 |b Giáo dục Việt Nam 
260 |c 2013 
520 |a Giới thiệu những vấn đề chung về dạy học môn giáo dục công dân ở trung học phổ thông và hướng dẫn dạy học các bài cụ thể lớp 10. 
650 |a Education,Giáo dục học 
650 |x Study and teaching (Secondary),Dạy và học (Trung học) 
904 |i Hải 
980 |a Trung tâm Học liệu Trường Đại học Cần Thơ